1325 1346 1671 1293 1168 1545 1923 1966 1856 1610 1707 1471 1218 1629 1155 1342 1515 1025 1494 1447 1777 1892 1375 1595 1412 1400 1902 1992 1091 1018 1560 1728 1050 1260 1070 1205 1700 1547 1956 1305 1346 1486 1577 1368 1099 1915 1748 1735 1395 1342 1704 1313 1646 1478 1002 1968 1489 1597 1933 1734 1352 1692 1290 1899 1421 1151 1789 1528 1325 1035 1791 1678 1457 1346 1240 1422 1729 1693 1540 1705 1833 1086 1320 1055 1621 1975 1093 1692 1927 1942 1118 1759 1477 1867 1042 1978 1426 1496 1678 BCNSPRNW ULIB Ver.6.0+V

เปลี่ยนเป็นภาษาไทย

Change to English
 แสดงรายละเอียดบรรณานุกรม
  กลับหน้าหลัก

Brief Record : Get Marc (ISO 2709) : E-mail record : QR code < ปิดหน้าต่าง
LEADER : 00000nam 2200000uu 4500
001    13399114563
003     ULIB
008    120417s2012||||th 000 0 eng d
020    ^a9780073374376 (alk. paper)
020    ^a0073374377 (alk. paper)
060 04 ^aQV18.2 ^bB39
100 1  ^a Gauwitz, Donna F.
245 10 ^a Administering medications : ^bpharmacology for healthcare professionals / ^cDonna F. Gauwitz.
250    ^a 7th ed.
260    ^a New York, NY : ^bMcGraw-Hill, ^cc2012.
300    ^a xxxii, 570, A-46, G-11, 1, I-21 : ^bill. ; ^c28 cm.
500    ^a Includes index.
505    ^a Orientation to medications -- Principles of drug action -- Measurement and dosage calculations -- Administering parenteral medications -- Medication therapy -- Vitamins, minerals, and herbs -- Antibiotics and antifungals -- Drugs for the eye and ear -- Drugs for the skin -- Drugs for the cardiovascular system -- Drugs for the respiratory system -- Drugs for the gastrointestinal system -- Drugs for the urinary system and fluid balance -- Drugs for the reproductive system -- Drugs for the endocrine system -- Drugs for the musculoskeletal system -- Drugs for the nervous and sensory systems -- Psychotropic drugs -- Antineoplastic drugs -- Drugs for the pediatric patient -- Drugs for the geriatric patient.
650 0  ^a Drugs ^xAdministration.
650 0  ^a Pharmacology.
650 12 ^aPharmaceutical Preparations ^xadministration & dosage ^vProgrammed Instruction.
945    ^p0^l0^i031645
995    ^aKesorn
999 ^a ใช้งานได้ทุกระบบ
รายการนี้ยังไม่มีแท็ก
คุณยังไม่ได้ล็อกอิน คุณสามารถมีกิจกรรมร่วมกับเว็บไซต์ได้ แต่ต้องล็อกอินก่อน ::
  ล็อกอิน

รายการสื่อสารสนเทศ

ลำดับที่ ประเภท เลขเรียก/บาร์โค้ด สถานที่ สถานะ
- ไม่พบข้อมูล -

รายการใกล้เคียง
    ผู้แต่ง [Gauwitz, Donna F.]

    หัวเรื่อง [Pharmacology.]

BibComment


ยังไม่เคยถูกคอมเมนท์

คอมเมนท์ทรัพยากรรายการนี้
  คอมเมนท์: Administering m..


 Copyright 2026. Bcnsprnw @Library